000 00409nam a2200181Ia 4500
005 20250423095657.0
008 250422s9999 xx 000 0 und d
020 _a0-7582-0787-5
050 _aPS 3602 .E27 I45/
100 _aBeck, James Timothy
245 0 _aI’m your man
260 _aNew York
260 _bKensington
260 _c2004
300 _a375 p
650 _aLiterature
942 _cBK
999 _c31000
_d31000